000 00506nam a22001937a 4500
003 CEME
005 20210628203050.0
008 210126b xxu||||| |||| 00| 0 eng d
020 _a0-619-21526-7
040 _c.
082 _a658.404 SCH
100 _aSchwalbe, Kathy
_963120
245 _aInformation technology project management
250 _a4TH
260 _aAUSTRILIA
_bTHOMSON
_c2006
300 _aXXVI,496P
650 _aINFORMATION TECHNOLOGY PROJECT MANAGEMENT.
_961638
942 _cBK
_2ddc
999 _c572045
_d572045